| 000 | 00909nam a2200277 a 4500 | ||
|---|---|---|---|
| 001 | 34975 | ||
| 003 | BD-RjUL | ||
| 005 | 20211209052235.0 | ||
| 008 | 140520r19771970fr af i000 0 eng d | ||
| 020 | _a9231008536 | ||
| 035 | _a(BD-RjUL)35069 | ||
| 040 |
_aDLC _cDLC _dDLC _dBD-RjUL _beng |
||
| 041 | _aeng | ||
| 082 | 0 | 0 |
_a306.409437 _219 _bMAC 1977 |
| 100 | 1 |
_aMarek, Miroslav _9106484 |
|
| 245 | 1 | 0 |
_aCultural policy in Czechoslovakia / _cMarek, Miroslav and Jaroslav Dewetter. |
| 260 |
_aParis : _bUnesco, _c1970 [Reprinted 1977] |
||
| 300 |
_a85 p., [4] p. of plates : _bill. ; _c24 cm. |
||
| 650 | 0 |
_aCzechoslovakia _xIntellectual life _y1945-1992. _9106486 |
|
| 651 | 0 |
_aCzechoslovakia _xCultural policy. _9106487 |
|
| 700 | 1 |
_aDewetter, Jaroslav. _9106488 |
|
| 942 |
_2ddc _cBK |
||
| 999 |
_c34975 _d34975 |
||